00547nam a22001817a 450000500170000001000340001702000260005103500430007703700160012008200180013610000170015424500480017126000370021927000370025630000280029365000170032165000270033820181116141103.0 aB-225099, B-225124 B-225121 c145.00a9788174765130 aB-225099, B-225119,B-225124 B-225121 bCen Lib/Ret a646.7245bJAW aJawed Habib  aProfessional hairstyling /cby Jawed Habib  aNew DelhibUBS publishers c2005 bNew Delhia5 Ansari roade110002 a170p.:c21cm(pbk)bill. aHairdressing aHairxCare and hygiene